Elementos de biomatemática

Gespeichert in:
Bibliographische Detailangaben
1. Verfasser: Engel, Alejandro B (VerfasserIn)
Format: Buch
Sprache:Spanisch
Veröffentlicht: Washington, D.C OEA 1978
Schriftenreihe:Serie de Matemática: Monografía. OEA, 20
Schlagworte:
Tags: Tag hinzufügen
Keine Tags, Fügen Sie den ersten Tag hinzu!

MARC

LEADER 00000nam a2200000 a 4500
001 UCV3964
003 CL-VaPUC
008 881010e19780000US |||||||||||||||||spa|d
082 0 4 |a 570.15195  |b ENG  |2 21 
100 0 |a Engel, Alejandro B  |e author  |9 298361 
245 1 0 |a Elementos de biomatemática 
300 |a 76 p 
942 |c BK 
945 |d 19881010 00:00:00 
260 |a Washington, D.C  |b OEA  |c 1978 
650 7 |a BIOMATEMATICAS  |2 CL-VaPUC  |9 260148 
583 |a last modification  |c 20150713 14:24:53  |k Rodrigo Vera 
490 0 |a Serie de Matemática: Monografía. OEA, 20 
999 |c 211038  |d 211036 
952 |0 0  |1 0  |4 0  |6 570_151950000000000_ENG_1978  |7 0  |8 A  |9 188493  |a BIBMAT  |b BIBMAT  |d 2019-11-14  |i 2560593  |o 570.15195 ENG 1978  |p 2560593  |r 2025-01-07  |w 2019-11-14  |y BK  |k MAT 
952 |0 0  |1 0  |4 0  |6 570_151950000000000_ENG_1978  |7 0  |8 A  |9 188494  |a BIBMAT  |b BIBMAT  |d 2019-11-14  |i 2560607  |o 570.15195 ENG 1978  |p 2560607  |r 2025-01-07  |w 2019-11-14  |y BK  |k MAT 
952 |0 0  |1 0  |4 0  |6 570_151950000000000_ENG_1978  |7 0  |8 P  |9 188495  |a BIBING  |b BIBING  |d 2019-11-14  |i 2560615  |o 570.15195 ENG 1978  |p 2560615  |r 2025-01-20  |w 2019-11-14  |y BK  |k ING 
952 |0 0  |1 0  |4 0  |6 570_151950000000000_ENG_1978  |7 0  |8 P  |9 188496  |a BIBING  |b BIBING  |d 2019-11-14  |i 2560623  |o 570.15195 ENG 1978  |p 2560623  |r 2025-01-20  |w 2019-11-14  |y BK  |k ING 
952 |0 0  |1 0  |4 0  |6 570_151950000000000_ENG_1978  |7 0  |8 P  |9 188497  |a BIBING  |b BIBING  |d 2019-11-14  |i 256064K  |o 570.15195 ENG 1978  |p 256064K  |r 2025-01-20  |w 2019-11-14  |y BK  |k ING 
952 |0 0  |1 0  |4 0  |6 570_151950000000000_ENG_1978  |7 0  |8 P  |9 188498  |a BIBING  |b BIBING  |d 2019-11-14  |i 2560666  |o 570.15195 ENG 1978  |p 2560666  |r 2024-01-25  |w 2019-11-14  |y BK  |k ING 
952 |0 0  |1 0  |4 0  |6 570_151950000000000_ENG_1978  |7 0  |8 A  |9 188499  |a BIBCUR  |b BIBCUR  |d 2019-11-14  |i 2560682  |o 570.15195 ENG 1978  |p 2560682  |r 2025-04-22  |w 2019-11-14  |y BK  |k BCB 
952 |0 0  |1 0  |4 0  |6 570_151950000000000_ENG_1978  |7 0  |8 CCM  |9 188500  |a BIBCUR  |b BIBCUR  |d 2019-11-14  |i 2560704  |o 570.15195 ENG 1978  |p 2560704  |r 2025-04-22  |w 2019-11-14  |y BK  |k CIM 
952 |0 0  |1 0  |4 0  |6 570_151950000000000_ENG_1978  |7 0  |8 A  |9 188501  |a BIBMAT  |b BIBMAT  |d 2019-11-14  |i 1492489  |o 570.15195 ENG 1978  |p 1492489  |r 2025-01-07  |w 2019-11-14  |y BK  |k MAT 
952 |0 0  |1 0  |4 0  |6 570_151950000000000_ENG_1978  |7 0  |8 A  |9 188502  |a BIBMAT  |b BIBMAT  |d 2019-11-14  |i 1492411  |o 570.15195 ENG 1978  |p 1492411  |r 2025-01-07  |w 2019-11-14  |y BK  |k MAT 
952 |0 0  |1 0  |4 0  |6 570_151950000000000_ENG_1978  |7 0  |8 A  |9 188503  |a BIBCUR  |b BIBCUR  |d 2019-11-14  |i 3512851  |o 570.15195 ENG 1978  |p 3512851  |r 2025-04-22  |w 2019-11-14  |y BK  |k FIS